000 00328 a2200145 4500
020 _aN/S
040 _aULA-LD-MS
082 _a72
_b72
100 _91172
_aPORTO EDITORA
245 _aProjectos de Obras e sua Execuȯ̂
260 _aPorto ,
_bPorto editora
_c1986.
300 _a55p
650 _aArquitetura
942 _cLivros
999 _c2345
_d2345